00401nam a2200121Ia 4500008004100000245014000041260001700181260000900198300000800207650002300215650001200238856002900250170516s9999 xx 000 0 und d aProgress in Aptamer-Mediated Drug Delivery Vehicles for Cancer Targeting and Its Implications in Addressing Chemotherapeutic Challenges bTheranostics c2014 a4:9 xMedical Technology xMedtech uhttp://www.thno.org/v4i9